000 00888nas a2200301 4500
001 BR2013008055
003 BR-BrBNA
005 20231205123042.0
007 ta
008 230509b bl.|||p| |||| 00| 00por d
040 _aBR-BrBNA
_bpor
_cBiblioteca Nacional de Agricultura
041 _a(En)
072 _aL53
100 1 _aMonteiro, G.A.
100 1 _aGuasti, P.N.
100 1 _aHartwig, F.P.
100 1 _aDellaqua Junior, J.A.
100 1 _aAlvarenga, M.A.
100 1 _aPapa, F.O.
245 1 _aCooling of ejaculated and epididymal stallon sperm
650 _aCAVALO
650 _aESPERMA
650 _aEJACULAÇÃO
650 _aCRIOPRESERVAÇÃO
773 0 _tArquivo Brasileiro de Medicina Veterinária e Zootecnia (Brazil)
_xISSN 0102-0935
_g(Jul 2013), v. 65(3) p. 681-686
_wBR2013008055
909 _a202311
_bLúcia
_c55
_dLúcia Elande
942 _2AGRIS
_n0
_cANA
999 _c231948
_d231948